| 000 | 00414nam a2200145Ia 4500 | ||
|---|---|---|---|
| 008 | 230917s9999||||xx |||||||||||||| ||und|| | ||
| 040 |
_e217567 _aMAIN |
||
| 041 | _aEnglish | ||
| 082 | _a658.4092 M451D | ||
| 100 | _aMaxwell, John C | ||
| 245 | 0 | _aDeveloping the leaders around you: Help others reach their full potential | |
| 260 |
_aAhmedabad _bJaico Publishing House _c2010 |
||
| 300 | _a201 p. | ||
| 942 | _cBK | ||
| 999 |
_c179465 _d179465 |
||